MARC

LEADER 00000nam0a2200000 4500
001 121928
005 20231031125740.0
035 |a (RuTPU)RU\TPU\book\132036 
090 |a 121928 
100 |a 20070924d1977 m y0rusy50 ca 
101 0 |a rus 
102 |a RU 
105 |a a z 001zy 
200 1 |a Кассетный способ производства газобетонных панелей  |f К. Ф. Ломунов, В. П. Подателев 
210 |a Москва  |c Стройиздат  |d 1977 
215 |a 112 с.  |c ил. 
320 |a Список литературы: с. 109-112. 
610 1 |a кассетный способ 
610 1 |a производства 
610 1 |a газобетонные панели 
610 1 |a формование 
610 1 |a тепловая обработка 
675 |a 666.973.6  |v 3 
700 1 |a Ломунов  |b К. Ф.  |g Кирилл Федорович 
701 1 |a Подателев  |b В. П.  |g Виктор Петрович 
801 1 |a RU  |b 63413507  |c 20070924  |g PSBO 
801 2 |a RU  |b 63413507  |c 20080118  |g PSBO 
942 |c BK